zpět

Detail výsledku týmu

Restaurace Mamut, Most

Datum a čas kvízu

22.5 Celkem bodů Celkový počet nahraných bodů na tomto kvízu bez doplňovacích otázek.
13. Pořadí na kvízu Konečné umístění týmu na tomto kvízu.

Zaznamenané odpovědi

# Otázka Odpověď Body Výsledky
1. Prezident Petr Pavel při návšt... v Chile 0
2. Ministr obrany Spojených států... Pulp Fiction 0
3. V sobotu se v pražském Stavov... Mariborská 1
4. Minulý týden oznámil jistý dis... Lidl 1
5. Poprvé v historii se v NHL pod... D) Získali v základní části 100 kanadských bodů. 1
6. Vítězné téma FB hlasování zahá... Luděk Marold, bitva u Lipan 0
7. Přiřaďte jednotlivá města k je... 1B 2D 3A 4C 1
8. „Co až budeme nahoře, to teprv... Homolka a tobolka; Marie Motlová 0
9. Panorama je služba webové strá... Dlouhé stráně 0
10. Na závěr si dáme noční pohled... Řím 0